LEADER 01135nam a2200265 4500 001 000000345929 003 CaOOAMICUS 005 20210511113445.0 008 210511s1983 it 000 u ita r 020 $a88-350-7271-9 040 $aSeMil$bita 245 10$a1: Antichità e Medioevo. 264 1$aBrescia :$bLa Scuola,$c1983. 300 $aXIX, 541 p. :$bill. ;$c24 cm 700 1 $aReale, Giovanni,$d<1931-2014>.$0(OLS)http://semarc/name/74 700 1 $aAntiseri, Dario,$d<1940- >.$0(OLS)http://semarc/name/3807 773 0 $aReale, Giovanni <1931-2014>$tPensiero occidentale dalle origini ad oggi.$dBrescia : La Scuola, 1983.$w()345927 850 $aSeMil 852 $aSeMil$W1$xVenegono$y1$m2P IV 821$j226342$B236974$CSeMilBibl$Z2$F236974 $81 961 $aVolume con evidenti e diffuse sottolineature e/o annotazioni (a matita e penna) 961 $aMagni don Walter - Omaggio 996 $6020$a88-350-7271-9$9(OLS)http://semarc/number/293164 996 $6245$a1: Antichità e Medioevo$9(OLS)http://semarc/title/431839 996 $6264$aBrescia :$bLa Scuola$9(OLS)http://semarc/publisher/29831 LEADER 01256nam a2200277 4500 001 000000355576 003 CaOOAMICUS 005 20231003144726.0 008 231003s2017 it 000 u ita r 020 $a978-88-8057-672-3 040 $aSeMil$bita 100 1 $aSacks, Jonathan,$c.$0(OLS)http://semarc/name/47612 240 10$aNot in God's name.$0(OLS)http://semarc/title/445796 245 10$aNon nel nome di Dio :$bconfrontarsi con la violenza religiosa /$cJonathan Sacks ; traduzione di Rosanella Volponi. 264 1$aFirenze :$bGiuntina,$c2017. 300 $a314 p. ;$c20 cm 490 1 $aSchulim Vogelmann ;$v200 650 4$aViolenza - Aspetti religiosi.$0(OLS)http://semarc/subject/15074 700 1 $aVolponi, Rosanella.$0(OLS)http://semarc/name/47626 830 0$aSchulim Vogelmann ;$v200.$0(OLS)http://semarc/title/11273 850 $aSeMil 852 $aSeMil$W1$xVenegono$y1$m2R I 185$j243629$B246831$CSeMilBibl$Z2$F246831 $81 996 $6020$a978-88-8057-672-3$9(OLS)http://semarc/number/299031 996 $6245$aNon nel nome di Dio :$bconfrontarsi con la violenza religiosa$9(OLS)http://semarc/title/445797 996 $6264$aFirenze :$bGiuntina$9(OLS)http://semarc/publisher/31954